Sports Quiz

Random Sports or NFL Quiz

NFL Top 100 Players (2012) Quiz Stats

 Plays Quiz Updated Feb 20, 2019

Support Sporcle.
Go Orange.
Score 0/100 Timer 12:00
4 Plays Today
Rank Player % Correct
4.Tom Brady
97.8%
1.Aaron Rodgers
97.5%
2.Drew Brees
97.5%
3.Calvin Johnson
95.9%
15.Andre Johnson
95%
100.Chris Johnson
94.7%
78.Derrick Johnson
94.3%
8.Adrian Peterson
93%
55.Patrick Peterson
91.8%
7.Larry Fitzgerald
91.7%
31.Eli Manning
89.8%
50.Peyton Manning
89.7%
35.Steve Smith
88.8%
20.Ray Lewis
88.3%
17.Justin Smith
88.2%
5.Darrelle Revis
86.4%
12.Maurice Jones-Drew
83.6%
37.Steven Jackson
83.5%
71.DeSean Jackson
83.4%
83.Fred Jackson
83.2%
40.Cam Newton
83%
96.D'Qwell Jackson
82.9%
21.Rob Gronkowski
82.2%
41.Matthew Stafford
81.9%
16.Ed Reed
81.3%
22.Ray Rice
80.8%
18.LeSean McCoy
78.9%
70.Michael Vick
78.4%
23.Wes Welker
78%
74.Joe Flacco
77.8%
30.Ben Roethlisberger
76.8%
14.Jimmy Graham
76.8%
25.Arian Foster
76.6%
11.Terrell Suggs
76.6%
Rank Player % Correct
28.Frank Gore
76.1%
6.DeMarcus Ware
75.3%
13.Jared Allen
74.2%
10.Patrick Willis
74.1%
39.Victor Cruz
74%
33.Matt Forte
73.8%
42.Jason Peters
73%
38.Ndamukong Suh
72.9%
43.Vernon Davis
72.8%
48.Devin Hester
72.8%
91.Tony Romo
72.6%
27.Clay Matthews
72.1%
61.Philip Rivers
71.9%
19.Troy Polamalu
71.7%
51.Brian Urlacher
70.6%
75.Jason Witten
70.5%
53.Tony Gonzalez
70.4%
77.A.J. Green
68.3%
65.Roddy White
68.1%
56.Greg Jennings
64.8%
80.Jordy Nelson
64.3%
9.Haloti Ngata
63.9%
94.Marshawn Lynch
63%
29.James Harrison
62.4%
36.Charles Woodson
62.2%
47.Mike Wallace
61.5%
66.Earl Thomas
59.2%
82.Joe Thomas
59.3%
60.Darren McFadden
59.1%
26.Julius Peppers
59%
88.Michael Turner
58.4%
24.Jason Pierre-Paul
58%
46.Champ Bailey
57.6%
90.Hakeem Nicks
57.4%
Rank Player % Correct
76.Carl Nicks
57.1%
95.Tim Tebow
57%
52.Von Miller
53.8%
62.Justin Tuck
53.2%
59.Jake Long
53%
84.Chris Long
53%
89.Dwight Freeney
51.2%
81.Vince Wilfork
50.4%
72.Lance Briggs
45.8%
92.John Kuhn
43.8%
86.Darren Sproles
43.6%
98.Willis McGahee
43.5%
54.Brian Cushing
40.3%
58.Jonathan Vilma
39.2%
68.Elvis Dumervil
36%
49.Maurkice Pouncey
35%
44.Jason Babin
34.6%
45.Vonta Leach
34.1%
34.Tamba Hali
33.5%
85.NaVorro Bowman
33.1%
87.London Fletcher
32.1%
79.Nnamdi Asomugha
28.6%
63.LaMarr Woodley
27.1%
57.Trent Cole
27%
69.Carlos Rogers
26.4%
64.Logan Mankins
25%
73.Johnathan Joseph
24.4%
67.Joe Staley
20.7%
32.Jahri Evans
19.6%
99.Ryan Kalil
16%
93.Cortland Finnegan
16%
97.Donald Penn
9.8%

From the Vault

Intersecting Trivia: Big 4 Sports

by bhenderson79

Sports 8m
This is a lot easier than trying to play hockey on a baseball field.
Remove Ads.
Support Sporcle.
Get the best of Sporcle when you Go Orange. This ad-free experience offers more features, more stats, and more fun while also helping to support Sporcle. Thank you for becoming a member.

Show Comments

Extras

Top Quizzes Today


Score Distribution

Your Account Isn't Verified!

In order to create a playlist on Sporcle, you need to verify the email address you used during registration. Go to your Sporcle Settings to finish the process.

Report this User

Report this user for behavior that violates our Community Guidelines.

Details: